Kitchen secrets : global cuisine (Record no. 276424)

MARC details
000 -LEADER
fixed length control field 00483nam a2200193Ia 4500
005 - DATE AND TIME OF LATEST TRANSACTION
control field 20240920112854.0
008 - FIXED-LENGTH DATA ELEMENTS--GENERAL INFORMATION
fixed length control field 240126s9999 xx 000 0 und d
020 ## - INTERNATIONAL STANDARD BOOK NUMBER
International Standard Book Number 9788179917992
082 ## - DEWEY DECIMAL CLASSIFICATION NUMBER
Classification number 641.5 KAP;1 R
100 ## - MAIN ENTRY--PERSONAL NAME
Personal name Kapoor, Sanjeev.
245 #0 - TITLE STATEMENT
Title Kitchen secrets : global cuisine
250 ## - EDITION STATEMENT
Edition statement 1st ed.
260 ## - PUBLICATION, DISTRIBUTION, ETC. (IMPRINT)
Name of publisher, distributor, etc. Popular prakashan pvt ltd
Place of publication, distribution, etc. Mumbai
300 ## - PHYSICAL DESCRIPTION
Extent 160
440 ## - SERIES STATEMENT/ADDED ENTRY--TITLE
Title NULL
650 ## - SUBJECT ADDED ENTRY--TOPICAL TERM
Topical term or geographic name as entry element Hotel management
650 ## - SUBJECT ADDED ENTRY--TOPICAL TERM
Topical term or geographic name as entry element Hotel management
942 ## - ADDED ENTRY ELEMENTS (KOHA)
Koha item type PESU Books
Holdings
Date last seen Total Checkouts Full call number Accession number Old discount Volume/Issue Number Cost, replacement price Price effective from Category Lost status Damaged status Department Withdrawn status bill no. Permanent Location Current Location Shelving location Entry date Vendor Cost, normal purchase price Grants Currency symbol Conversion rate Discount Discount type
26/01/2024   641.5 KAP;1 R PU4028   (07/07/1905) 100.00 26/01/2024 PESU Books     HEM   A-1496 Central Library Central Library HM 22/09/2015 Tycoon Advertising 100.00 HM RS 1   Rupees

© For any Suggestions or Query, please contact the library staff @ librarian@pes.edu or Phone: +9180 2672 1983/ 2108.